| 000 | 00710nam a22001337a 4500 | ||
|---|---|---|---|
| 040 | _cRUA | ||
| 082 | _aAVM SAR 2009 B090 Or.1 | ||
| 100 | _aSAR, SOPHANAK. | ||
| 245 | _adigestivility in goat by using parara grass lilage at animal experimental station of rua (ការសិក្សាលើលទ្ធភាពរំលាយអាហាររបស់ពពែរដោយប្រើស្មៅបារំាងកែឆ្នៃ នៅស្ថានីយ៍ចិញ្ចឹមសត្វ នៃ ស.វ.ភ.ក) | ||
| 260 |
_aPhnom Penh _bRUA _c2009 |
||
| 300 |
_aix, 39p. _bill. _c29cm. |
||
| 856 | _uhttps://drive.google.com/file/d/1iAI05fUZjAhGQjd0uvhWLZO6oXv0lMwu/view?usp=sharing | ||
| 942 | _cAVM | ||
| 999 |
_c2452 _d2452 |
||